00670nam a2200205 a 450000100100000000500170001000800410002702000150006804000250008308200200010810000350012824500950016326000750025830000260033349000120035965000240037165000260039570000310042183000120045200002288320200930021844.0101122s1993 ve r 000 p spa d a9800107924 aDO-SdBNPbspacBNPHU aVe861.44bR741a1 aRojas Guardia, Armando,d1949-10aAntología poética /cArmando Rojas Guardia ; prólogo y selección Miguel Márquez. aCaracas, (Venezuela) :bMonte Ávila Editores Latinoamericana,c1993. a122, [4] p. ;c20 cm.1 aAltazor 4aPoesía venezolana 4aLiteratura venezolana1 aMárquez, Miguelepról. 0aAltazor